000 00666nam a2200241 i 4500
001 C2-0240986
003 PPAK
005 20180727203527.0
008 020730s2002 xxka|||| ||||| | eng d
020 _a1840134704
040 _aPPAK
_beng
_cPPAK
_erda
082 0 4 _a728.373
_223
090 0 0 _a728.373
_bHEI
_dR
100 1 _aHeinz, Thomas A.,
_eauthor
245 1 0 _aFrank Lloyd Wright's houses
264 1 _aRochester :
_bGrange Books ,
_c2002
300 _a80 pages :
_bcolour illustrations ;
_c26 cm
336 _2rdacontent
_atext
337 _2rdamedia
_aunmediated
338 _2rdacarrier
_avolume
650 1 0 _aArchitecture, Domestic
942 _ddc
_cB
999 _c56133
_d56133